|
|
|
|
| LEADER |
01694nam a2200421 a 4500 |
| 001 |
EBC589821 |
| 003 |
MiAaPQ |
| 005 |
20200520144314.0 |
| 006 |
m o d | |
| 007 |
cr cn||||||||| |
| 008 |
100610s2010 dcuad sb 000 0 eng |
| 010 |
|
|
|z 2010294464
|
| 020 |
|
|
|z 9780821383247
|
| 020 |
|
|
|z 9780821383612
|
| 020 |
|
|
|a 9780821381939 (electronic bk.)
|
| 035 |
|
|
|a (MiAaPQ)EBC589821
|
| 035 |
|
|
|a (Au-PeEL)EBL589821
|
| 035 |
|
|
|a (CaPaEBR)ebr10389745
|
| 035 |
|
|
|a (OCoLC)701719664
|
| 040 |
|
|
|a MiAaPQ
|c MiAaPQ
|d MiAaPQ
|
| 043 |
|
|
|a f-sq---
|
| 050 |
|
4 |
|a LC67.S78
|b M37 2010
|
| 100 |
1 |
|
|a Marope, P. T. M.
|q (Priscilla Toka Mmantsetsa)
|
| 245 |
1 |
4 |
|a The education system in Swaziland
|h [electronic resource] :
|b training and skills development for shared growth and competitiveness /
|c Mmantsetsa Marope.
|
| 260 |
|
|
|a Washington, D.C. :
|b World Bank,
|c c2010.
|
| 300 |
|
|
|a xxix, 148 p. :
|b ill.
|
| 490 |
1 |
|
|a World Bank working paper,
|x 1726-5878 ;
|v no. 188
|
| 490 |
1 |
|
|a Africa human development series
|
| 504 |
|
|
|a Includes bibliographical references.
|
| 533 |
|
|
|a Electronic reproduction. Ann Arbor, MI : ProQuest, 2015. Available via World Wide Web. Access may be limited to ProQuest affiliated libraries.
|
| 650 |
|
0 |
|a Education
|x Economic aspects
|z Swaziland.
|
| 650 |
|
0 |
|a Vocational education
|z Swaziland.
|
| 655 |
|
4 |
|a Electronic books.
|
| 710 |
2 |
|
|a World Bank.
|b Africa Regional Office.
|b Human Development Dept.
|
| 710 |
2 |
|
|a ProQuest (Firm)
|
| 830 |
|
0 |
|a Working papers (World Bank) ;
|v no. 188.
|
| 830 |
|
0 |
|a Africa Region human development series.
|
| 856 |
4 |
0 |
|u https://ebookcentral.proquest.com/lib/matrademy/detail.action?docID=589821
|z Click to View
|